Historiografický náčrt vývoja municipálnych financií vo vybraných historických obdobiach

Historiografický náčrt vývoja miestnych financií vo vybraných historických obdobiach. Feudálna spoločensko - ekonomická formácia na vzorovom príklade rozpočtových príjmov historického mesta Kremnica a obce v Spišskom regióne.

Salvato in:
Dettagli Bibliografici
Autore principale: Baláži, Peter
Natura: Capitolo di libro
Lingua:slovacco
Soggetti:
Tags: Aggiungi Tag
Nessun Tag, puoi essere il primo ad aggiungerne!!

MARC

LEADER 00000naa a2200000 4500
001 0249732
005 20260205071632.7
041 0 |a slo 
044 |a SK 
245 1 0 |a Historiografický náčrt vývoja municipálnych financií vo vybraných historických obdobiach  |c Peter Baláži 
520 |a Historiografický náčrt vývoja miestnych financií vo vybraných historických obdobiach. Feudálna spoločensko - ekonomická formácia na vzorovom príklade rozpočtových príjmov historického mesta Kremnica a obce v Spišskom regióne. 
610 2 0 |a feudalizmus 
610 2 0 |a rozpočet miestny 
610 2 0 |a príjmy 
610 2 0 |a výdavky 
610 2 0 |a história 
610 2 0 |a Slovensko 
610 2 0 |a financie komunálne 
100 1 |a Baláži, Peter